Can you read the Metal logo? #25 (Easy to Hard) - Statistics

General Stats
  • This quiz has been taken 10 times
  • The average score is 15 of 28
Answer Stats
Picture Hint Answer % Correct
Electric Citizen
100%
Execution Order
100%
High Spirits
100%
Jesus Crustus
100%
Medusian
100%
Graverot
88%
Exalted by Expiration Blessed By Death
75%
Deceptor
75%
People who watch carefully. Observers
75%
Noxious Creature Toxic Beast
75%
Meat Preaching Flesh Sermon
63%
I guess the one who wanted to grant compensation with chewing gum isn't here anymore. Now it's just the one with a bunch of hemoglobin on them. Repaid in Blood
63%
Surely a metal band wouldn't show much of this in their music. Restraint
63%
Piedmont Foothills
50%
Happy Days
50%
The opposite of the world. Antiearth
38%
Forever Icy Eternal Frost
38%
Entrails Aptitude Gore Instinct
38%
This band must despise having you in their sight. Hate To See You
38%
This band must have come from an Infestation. Ov Plagues
25%
"Goddamnit, look whatcha did to my car! It's..." Totaled
25%
These guys must have the resemblance of worms. Vermiform
25%
Injury Denomination Woundcult
25%
Those are some pretty golden flowers. Chryzantemum
13%
Rotting of Innards Decomposition of Entrails
13%
The second Pirates of the Caribbean movie's subtitle. Nekrothorax
13%
Inside-out colon eating ProlapseMunch
13%
Desecrated Viscera Ravished Flesh
13%
No matching quizzes found
Score Distribution
Percent of People with Each Score
Percentile by Number Answered
Your Score History
You have not taken this quiz